=LDR 00000nam 2200000 4500 =001 INLIS000000000032450 =005 20200827120723 =035 ##$$a 0010-061300000032450 =008 200827################g##########0#ind## =041 ##$$a ind =082 ##$$a 2x9.1 =090 ##$$a 2x9.1, Ila m =100 ##$$a Ilahi, Fadhl =245 1#$$a Muhammad sang guru yang hebat : $b Sirah Nabi sebagai guru berdasarkan Al Qur'an dan hadis - hadis shahih /$c Prof. Dr. fadhl Ilahi; Penerjemah, Nurul mukhlisin Asyraf, Lc.M,ag. =260 ##$$a Surabaya :$b Pustaka La Raiba Bima Amanta,$c 2006 =300 ##$$a 345 hlm, ; $c 21 x 15 cm. =650 #4$$a Nabi Muhammad-Biografi =700 #$$a Asyraf, Nuni Mukhlisin =850 ##$$a NBPNMAT =084 ##$$a 2x9.1 ILA m =990 ##$$a 21001381 =990 ##$$a 21001361